000 00732nam a2200229Ii 4500
003 JO-AjNU
008 230605s9999||||xx |||||||||||||| ||und||
017 _a2002/1984
020 _a977-01-7676-1
040 _aJO-AjNU
_bara
_erda
_cJO-AjNU
041 _aara
050 1 4 _aBP184.4.N3464 2002
100 3 _aالنجار، عامر,
_eauthor
_918669
245 0 0 _aالطهارة في الإسلام
264 3 1 _aالقاهرة: الهيئة المصرية العامة للكتاب، 2002
300 _a205ص
336 _atext
_btxt
_2rdacontent
337 _aunmediated
_bn
_2rdamedia
338 _avolume
_bnc
_2rdacarrier
490 0 _aالتراث
650 4 _aالطهارة- العبادات- فقه اسلامي
_918670
999 _aA6015
_c9583
_d9583